Central Library OPAC University of Rajshahi

The economic development of Japan : (Record no. 45540)

MARC details
000 -LEADER
fixed length control field 00776nam a2200229 a 4500
001 - CONTROL NUMBER
control field 45540
003 - CONTROL NUMBER IDENTIFIER
rucl marc code BD-RjUL
005 - DATE AND TIME OF LATEST TRANSACTION
control field 20211209054030.0
008 - FIXED-LENGTH DATA ELEMENTS--GENERAL INFORMATION
fixed length control field 1607 r19651954njub b 001 0 eng
035 ## - SYSTEM CONTROL NUMBER
System control number (BD-RjUL)45658
040 ## - CATALOGING SOURCE
Original cataloging agency DLC
Transcribing agency DLC
Modifying agency DLC
-- BD-RjUL
Language of cataloging eng
041 ## - LANGUAGE CODE
Language code of text/sound track or separate title eng
082 00 - DEWEY DECIMAL CLASSIFICATION NUMBER
Classification number 330.952
Edition number 23
Author mark and year LOE 1965
100 1# - MAIN ENTRY--PERSONAL NAME
Personal name Lockwood, William W.
Fuller form of name (William Wirt),
Dates associated with a name 1906-1978.
9 (RLIN) 132537
245 14 - TITLE STATEMENT
Title The economic development of Japan :
Remainder of title growth and structural change 1868-1938 /
Statement of responsibility, etc. by William W. Lockwood.
260 ## - PUBLICATION, DISTRIBUTION, ETC. (IMPRINT)
Place of publication, distribution, etc. Princeton :
Name of publisher, distributor, etc. Princeton University Press,
Date of publication, distribution, etc. 1954 [printing 1965]
300 ## - PHYSICAL DESCRIPTION
Pagination xv, 603 p. :
Illustrations ill. ;
Size 21 cm.
500 ## - GENERAL NOTE
General note Includes index.
650 #0 - SUBJECT ADDED ENTRY--TOPICAL TERM
Topical term or geographic name as entry element Industries
Geographic subdivision Japan.
9 (RLIN) 132538
651 #0 - SUBJECT ADDED ENTRY--GEOGRAPHIC NAME
Geographic name Japan
General subdivision Economic conditions.
9 (RLIN) 132539
942 ## - ADDED ENTRY ELEMENTS (KOHA)
Source of classification or shelving scheme Dewey Decimal Classification
Koha item type Books
Holdings
Lost status Source of classification or shelving scheme Damaged status Not for loan Collection code Permanent Location Current Location Shelving location Date acquired Source of acquisition Cost, normal purchase price Total Checkouts Full call number Date last seen Copy number Koha item type
  Dewey Decimal Classification     Non-fiction Central Library, University of Rajshahi Central Library, University of Rajshahi   20/11/1968 Zetlinger 95.00   330.952 LOE 1965 27/07/2016 C-2 Books
  Dewey Decimal Classification     Non-fiction Central Library, University of Rajshahi Central Library, University of Rajshahi   28/11/1968 Zetlinger 28.00   330.952 LOE 1965 04/08/2016 C-3 Books
  Dewey Decimal Classification     Non-fiction Central Library, University of Rajshahi Central Library, University of Rajshahi   03/11/1965   80.00   330.952 LOE 1964 06/08/2016 C-4 Books
  Dewey Decimal Classification     Non-fiction Central Library, University of Rajshahi Central Library, University of Rajshahi   28/11/1968 Zeitlinger 95.00   330.952 LOE 1965 23/08/2016 C-5 Books
  Dewey Decimal Classification     Non-fiction Central Library, University of Rajshahi Central Library, University of Rajshahi   28/11/1968 Zeetlinger 95.00   330.952 LOE 1965 05/09/2016 C-6 Books